| 000 | 00418nam a22001697a 4500 | ||
|---|---|---|---|
| 003 | MACL | ||
| 005 | 20151226134342.0 | ||
| 008 | 151226b xxu||||| |||| 00| 0 eng d | ||
| 040 | _cMACL | ||
| 041 | _aEnglish | ||
| 082 | _a300/GUH | ||
| 100 |
_aGuha,Suchandra _922852 |
||
| 245 | _aAnatomy of A Social Institution | ||
| 260 |
_aKolkata _bFrame Eternity _c2010 |
||
| 650 |
_aSocial Science _922853 |
||
| 942 |
_2ddc _cBK |
||
| 999 |
_c51932 _d51932 |
||